000 00284nam a22001337a 4500
008 180917b xxu||||| |||| 00| 0 eng d
020 _a9781455701506
041 _aeng
080 _a610
100 _a3
101 _aSHM
245 _aMedical Assstant
_cHunt B
942 _2udc
_cBK
999 _c47834
_d47834